| 000 | 00927nac a22002291u 4500 | ||
|---|---|---|---|
| 010 | _a013552570 | ||
| 020 | _a052168255X (pbk.) | ||
| 028 | _bwww.bl.uk. | ||
| 082 |
_a330.122 _bD8582 |
||
| 090 |
_c2887 _d2887 |
||
| 100 | _aDuckett, Jane, 1964- | ||
| 245 |
_aThe open economy and its enemies : _bpublic attitudes in east asia and eastern europe / . _cJane Duckett, William L. Miller |
||
| 260 |
_aCambridge : _bCambridge University Press,2006 _c2006. |
||
| 300 |
_axii, 271 p. : _b ill.; _c20cm. |
||
| 650 | _aVietnam -- Economic policy -- 1975- | ||
| 650 | _aKorea (South) -- Economic policy -- 1960- | ||
| 650 | _aCzech Republic -- Economic policy -- 1993- | ||
| 650 | _aUkraine -- Economic policy -- 1991- | ||
| 700 | _aDuckett, Jane, 1964- | ||
| 942 |
_cBB _k330.122D8582 |
||
| 999 |
_c2887 _d2887 |
||